Normal view
MARC view
Entry Personal Name
001 - CONTROL NUMBER
- control field: 17125
003 - CONTROL NUMBER IDENTIFIER
- control field: BD-RjUL
005 - DATE AND TIME OF LATEST TRANSACTION
- control field: 20251009115500.0
008 - FIXED-LENGTH DATA ELEMENTS
- fixed length control field: 251009|| aca||aabn | a|a d
040 ## - CATALOGING SOURCE
- Original cataloging agency: BD-RjUL
- Transcribing agency: BD-RjUL
100 ## - HEADING--PERSONAL NAME
- Personal name: শ্রীগোবিন্দভাষ্যেণ
670 ## - SOURCE DATA FOUND
- Source citation: Work cat.: (BD-RjUL)85823: শ্রীশ্রীমদ্বলদেববিদ্যাভূষণ 17122, বেদান্তসূত্রম শ্রীশ্রীমদ্ভগবদবতার-মহর্ষি-শ্রীকৃষ্ণদ্বৈপায়ন-শ্রবিাসদেবেন বিরচিতম গৌড়ীয়-বদান্তাচার্য্য /, ১৯৬৮